[Event "Ptuj Chess Academy op 1st"]
[Site "Ptuj"]
[Date "2015.01.24"]
[Round "3"]
[White "Brilej, Jaka"]
[Black "Jukan, Nesib"]
[Result "1/2-1/2"]
[WhiteElo "1619"]
[BlackElo "2010"]
[PlyCount "98"]
[EventDate "2015.01.23"]
[EventType "swiss"]
[EventRounds "5"]
[EventCountry "SLO"]
[SourceTitle "CBM 164 Extra"]
[Source "ChessBase"]
[SourceDate "2015.03.02"]
[SourceVersion "1"]
[SourceVersionDate "2015.03.02"]
[SourceQuality "1"]

1. e4 d5 2. exd5 Nf6 3. d4 Nxd5 4. Nf3 g6 5. c4 Nb6 6. Nc3 Bg7 7. Be3 0-0 8. Be2 Nc6 9. 0-0 Bg4 10. d5 Bxf3 11. Bxf3 Ne5 12. c5 Nbc4 13. Bc1 Nxf3+ 14. Qxf3 Qd7 15. Qe4 Ne5 16. Bf4 Ng4 17. Rfe1 Rfe8 18. c6 Qc8 19. Nb5 e5 20. dxe6 Qxe6 21. Qxe6 Rxe6 22. Rxe6 fxe6 23. Nxc7 Rc8 24. cxb7 Rb8 25. Nxe6 Rxb7 26. Nxg7 Kxg7 27. h3 Rf7 28. hxg4 Rxf4 29. Rc1 a5 30. f3 Rb4 31. Rc2 a4 32. Kf2 Kf6 33. Ke3 h5 34. gxh5 gxh5 35. g3 h4 36. gxh4 Rxh4 37. f4 Kf5 38. Rc5+ Kf6 39. Ra5 Rh2 40. Rxa4 Rxb2 41. Ra5 Rb1 42. a4 Re1+ 43. Kf2 Ra1 44. Ke3 Re1+ 45. Kd4 Rf1 46. f5 Rf4+ 47. Kc5 Kxf5 48. Kb6+ Ke6 49. Ka7 Rb4 1/2-1/2